000 00640nam a2200241 i 4500
001 C2-0105619
003 PPAK
005 20180727101543.0
008 970610s1995 my |||| ||||| | may d
020 _a983988865X
040 _aPPAK
_beng
_cPPAK
_erda
082 0 4 _a297.211
_223
090 0 0 _a297.211
_bASA
_dG
245 0 0 _aAsas ilmu tauhid
264 1 _aBatu Caves, Selangor :
_bPustaka Ilmi ,
_c1995
300 _a60 pages ;
_c20 cm
336 _2rdacontent
_atext
337 _2rdamedia
_aunmediated
338 _2rdacarrier
_avolume
650 1 0 _aIslam - Doctrines
700 0 _aOthman Mukim Hassan,
_ecompile
942 _ddc
_cB
999 _c25527
_d25527